Top 50 Rap Albums of the 2010s - Statistics

General Stats
  • This quiz has been taken 205 times
  • The average score is 15 of 50
Answer Stats
Hint Artist Rating Answer % Correct
1 Kendrick Lamar 95 To Pimp A Butterfly
94%
2 Kendrick Lamar 94 good kid, m.A.A.d city
92%
27 Kendrick Lamar 84 DAMN.
81%
6 Kanye West 89 My Beautiful Dark Twisted Fantasy
79%
15 Travis Scott 87 Rodeo
71%
26 Kanye West 85 The Life of Pablo
70%
14 KIDS SEE GHOSTS 87 KIDS SEE GHOSTS
67%
36 Kanye West 84 Yeezus
66%
20 Tyler, the Creator 86 Flower Boy
64%
34 Mac Miller 84 Swimming
54%
7 Freddie Gibbs & Madlib 89 Piñata
52%
19 Joey Bada$$ 86 1999
48%
25 Pusha T 85 Daytona
45%
42 Earl Sweatshirt 83 Some Rap Songs
45%
47 JAY-Z 83 4:44
43%
3 Danny Brown 90 Atrocity Exhibition
43%
10 Death Grips 89 The Money Store
37%
37 Freddie Gibbs & Madlib 84 Bandana
32%
22 Run the Jewels 86 Run the Jewels 2
32%
21 Mac Miller 86 Faces
26%
43 A$AP Rocky 83 LIVE.LOVE.A$AP
26%
17 Denzel Curry 86 TA13OO
26%
48 Future 83 Monster
24%
38 JPEGMAFIA 84 Veteran
24%
24 JPEGMAFIA 85 All My Heroes Are Cornballs
22%
8 Death Grips 89 Exmilitary
20%
40 Danny Brown 84 XXX
19%
41 Saba 83 Care for Me
17%
9 A Tribe Called Quest 89 We Got it From Here... Thank You 4 Your Service
17%
13 The Roots 87 Undun
14%
49 Westside Gunn 83 Flygod
12%
28 Little Simz 84 GREY Area
12%
4 Earl Sweatshirt 90 Solace
12%
11 Death Grips 88 Bottomless Pit
11%
16 Big K.R.I.T 86 4eva is a Mighty Long Time
10%
23 Lil Ugly Mane 85 Mista Thug Isolation
10%
30 BROCKHAMPTON 84 SATURATION III
10%
33 Benny The Butcher 84 Tana Talk 3
10%
12 Mach-Hommy 87 The G.A.T
9%
31 billy woods & Kenny Segal 84 Hiding Places
8%
50 Lupe Fiasco 83 Tetsuo & Youth
7%
35 Aesop Rock 84 The Impossible Kid
6%
5 Lil Ugly Mane 89 Uneven Compromise
6%
32 Capital Steez 84 AmeriKKKan Korruption
4%
29 Lil B 84 God's Father
3%
46 billy woods 83 History Will Absolve Me
3%
44 Big K.R.I.T 83 Return of 4eva
3%
45 Lil Ugly Mane 83 Third Side of Tape
3%
39 BROCKHAMPTON 84 BROCKHAMPTON II
1%
18 Black Kray 86 Crack Cloud$ Over Arts Kitchen
1%
No matching quizzes found
Score Distribution
Percent of People with Each Score
Percentile by Number Answered
Your Score History
You have not taken this quiz